Biblioteca y Centro de Documentación

Las nuevas tecnologías de comunicación (Registro nro. 2585)

Detalles MARC
000 -CABECERA
Longitud fija campo de control 01335nam a2200397 c 4500
001 - NÚMERO DE CONTROL
Número de control 2585
003 - IDENTIFICADOR DE NÚMERO DE CONTROL
Identificador del número de control ES-MaCES
005 - FECHA Y HORA DE LA ÚLTIMA TRANSACCIÓN
Fecha y hora de la última transacción 20190511040037.0
008 - CAMPO FIJO DE DESCRIPCIÓN FIJA--INFORMACIÓN GENERAL
Códigos de información de longitud fija   950227s1993 fr ||| | spa d
020 ## - ISBN (INTERNATIONAL STANDARD BOOK NUMBER)
Número Internacional Normalizado para Libros (ISBN) 9233026787
035 ## - NÚMERO DE CONTROL DEL SISTEMA
Número de control del sistema CES19980026053m
040 ## - FUENTE DE CATALOGACIÓN
Centro catalogador de origen ES-MaCES
Lengua de catalogación spa
Centro transcriptor ES-MaCES
100 1# - ENCABEZAMIENTO PRINCIPAL--NOMBRE PERSONAL
Nombre de persona Jouët, Josiane
9 (RLIN) 15547
245 14 - MENCIÓN DE TÍTULO
Título Las nuevas tecnologías de comunicación
Resto del título : orientaciones de la investigación
Mención de responsabilidad, etc. Josiane Jouët, Sylvie Coudray
260 ## - PUBLICACIÓN, DISTRIBUCIÓN, ETC (PIE DE IMPRENTA)
Lugar de publicación, distribución, etc. París
Nombre del editor, distribuidor, etc. Unesco
Fecha de publicación, distribución, etc. 1993
300 ## - DESCRIPCIÓN FÍSICA
Extensión 82 p.
Dimensiones 30 cm
490 1# - MENCIÓN DE SERIE
Mención de serie Estudios y documentos de comunicación de masas
Designación de volumen o secuencia 105
504 ## - NOTA DE BIBLIOGRAFÍA, ETC.
Nota de bibliografía, etc. Bibliografía: p. 67-77
541 ## - NOTA DE LA FUENTE INMEDIANTE DE ADQUISICIÓN
Forma de adquisición Compra
650 #4 - ASIENTO SECUNDARIO DE MATERIA--TÉRMINO DE MATERIA
Término de materia o nombre geográfico como elemento inicial tecnología de la información
9 (RLIN) 30104
650 #4 - ASIENTO SECUNDARIO DE MATERIA--TÉRMINO DE MATERIA
Término de materia o nombre geográfico como elemento inicial teoría de la información
9 (RLIN) 28882
650 #4 - ASIENTO SECUNDARIO DE MATERIA--TÉRMINO DE MATERIA
Término de materia o nombre geográfico como elemento inicial aspecto jurídico
9 (RLIN) 27152
650 #4 - ASIENTO SECUNDARIO DE MATERIA--TÉRMINO DE MATERIA
Término de materia o nombre geográfico como elemento inicial relaciones culturales
9 (RLIN) 29384
650 #4 - ASIENTO SECUNDARIO DE MATERIA--TÉRMINO DE MATERIA
Término de materia o nombre geográfico como elemento inicial aculturación
9 (RLIN) 27277
650 #4 - ASIENTO SECUNDARIO DE MATERIA--TÉRMINO DE MATERIA
Término de materia o nombre geográfico como elemento inicial tecnología educativa
9 (RLIN) 27449
650 #4 - ASIENTO SECUNDARIO DE MATERIA--TÉRMINO DE MATERIA
Término de materia o nombre geográfico como elemento inicial informática
9 (RLIN) 28873
650 #4 - ASIENTO SECUNDARIO DE MATERIA--TÉRMINO DE MATERIA
Término de materia o nombre geográfico como elemento inicial aspecto sociológico
9 (RLIN) 29077
653 10 - TÉRMINO DE INDEXACIÓN--NO CONTROLADO
Término no controlado Nuevas tecnologías
650 #4 - ASIENTO SECUNDARIO DE MATERIA--TÉRMINO DE MATERIA
9 (RLIN) 30437
Término de materia o nombre geográfico como elemento inicial industria de la información
700 1# - ENCABEZAMIENTO SECUNDARIO--NOMBRE PERSONAL
Nombre de persona Coudray, Sylvie
9 (RLIN) 10099
710 2# - ENCABEZAMIENTO SECUNDARIO--NOMBRE CORPORATIVO
Nombre de entidad o nombre de jurisdicción como elemento inicial UNESCO
Término indicativo de función ed.
9 (RLIN) 5066
830 #0 - ENCABEZAMIENTO SECUNDARIO DE COLECCIÓN--TÍTULO UNIFORME
Título uniforme Estudios y documentos de comunicación de masas
Designación de volumen o secuencia 105
9 (RLIN) 32489
902 ## - CES. TIPO DE DOCUMENTO
Tipodoc (006$c Sirtex) LIB Libro
942 ## - ELEMENTOS KOHA
Fuente de clasificaión o esquema Clasificación propia del CES
Koha [por defecto] tipo de item Monografías
Parte de clasificación 7.2.
Existencias
Número de registro Signatura completa Tipo de item de Koha
007576 DPT-2879 Monografías
© CES, Consejo Económico y Social de España 2021